|
|
|
|
| LEADER |
00000ctmaa2200000 a 4500 |
| 001 |
vtls011841055 |
| 003 |
SK-MaSNL |
| 005 |
20260301050704.0 |
| 008 |
230802s1866 rm || 000n1 slo |
| 035 |
|
|
|a urn:nbn:sk:snk-tm00dwcd
|
| 035 |
|
|
|a urn:nbn:sk:snk-tm3n2vo
|
| 035 |
|
|
|a 530914B7-B8DE-4121-A626-D98181C37B11
|
| 040 |
|
|
|a SNKLA
|b slo
|c SNKLA
|e AACR2
|
| 041 |
0 |
|
|a slo
|
| 044 |
|
|
|a rm
|c RO
|
| 072 |
|
7 |
|a 2
|x Náboženstvo
|2 konspekt
|
| 080 |
|
|
|a 821.162.4-1
|2 2011
|
| 080 |
|
|
|a 025.171
|2 2011
|
| 080 |
|
|
|a 2-282.5
|2 2011
|
| 080 |
|
|
|a 27-58
|2 2011
|
| 080 |
|
|
|a 82-97
|2 2011
|
| 100 |
1 |
|
|a Ambruš, Juraj,
|d 1800-1874
|4 aut
|9 20746
|
| 245 |
1 |
0 |
|a Život ľudský (vo veršoch)
|c psal Giri Ambrus stari
|
| 260 |
|
|
|a [Nadlak?]
|c 1866
|
| 300 |
|
|
|a 184 strán, 8 nečíslovaných strán
|b rukopis, viazaný
|c 18 cm
|
| 520 |
2 |
|
|a Kniha modlitieb
|
| 555 |
0 |
|
|a IV. Inventár rukopisov Literárneho archívu MS. IV. Archív Slovenského národného múzea. MJ 1-1020 Rôzna proveniencia. Matica slovenská v Martine 1974
|
| 561 |
|
|
|a Okrúhla pečiatka: Museálna slovenská spoločnosť
|
| 561 |
|
|
|a Okrúhla pečiatka: Matica slovenská Martin Archív literatúry a umenia
|
| 561 |
|
|
|a Zápis: Dar Ľ. V. Rizner
|
| 650 |
0 |
7 |
|a náboženstvo
|2 SNKPH
|9 2023
|
| 655 |
|
7 |
|a slovenská poézia
|2 SNKPH
|9 70444
|
| 655 |
|
7 |
|a rukopisy
|2 SNKPH
|9 70548
|
| 655 |
|
7 |
|a modlitby
|2 SNKPH
|9 70550
|
| 655 |
|
7 |
|a modlitebné knihy
|2 SNKPH
|9 171699
|
| 700 |
1 |
|
|a Rizner, Ľudovít Vladimír,
|d 1849-1913
|4 dnr
|9 114879
|
| 852 |
|
|
|a Slovenská národná knižnica
|b Literárny archív
|
| 958 |
|
|
|a ZJ
|
| 958 |
|
|
|a LAVD
|
| 999 |
|
|
|c 601554
|d 603484
|
| 952 |
|
|
|a SNKLA
|b SNKLA
|c SNKLA_DEP
|y NEVYP
|7 0
|p 17A1228513
|o snkMJ 462
|0 0
|1 0
|4 0
|d 2019-02-14
|f 1
|l 0
|r 2026-02-23 15:56:41
|w 2026-02-23
|